Teoría de la documentación
Guardat en:
| Autor principal: | |
|---|---|
| Format: | Llibre |
| Idioma: | espanyol |
| Publicat: |
Pamplona
Universidad de Navarra
1978
|
| Matèries: | |
| Etiquetes: |
Afegir etiqueta
Sense etiquetes, Sigues el primer a etiquetar aquest registre!
|
MARC
| LEADER | 00000nam a2200000 a 4500 | ||
|---|---|---|---|
| 001 | UCY5704 | ||
| 003 | CL-VaPUC | ||
| 008 | 950512e19780000SP |||||||||||||||||spa|d | ||
| 082 | 0 | 4 | |a 025 |b LOP |2 21 |
| 100 | |a López Yepes, José |e autor |9 334817 | ||
| 245 | 1 | 0 | |a Teoría de la documentación |
| 300 | |a 337 p | ||
| 942 | |c BK | ||
| 945 | |d 19950512 00:00:00 |a cmena | ||
| 260 | |a Pamplona |b Universidad de Navarra |c 1978 | ||
| 650 | 7 | |a DOCUMENTACION |2 CL-VaPUC |9 256928 | |
| 650 | 7 | |a BIBLIOMETRIA |2 CL-VaPUC |9 334818 | |
| 650 | 0 | |a Información científica |9 334819 | |
| 650 | 7 | |a CIENCIA DE LA INFORMACION |2 CL-VaPUC |9 257252 | |
| 650 | 7 | |a BIBLIOTECOLOGIA |2 CL-VaPUC |9 256929 | |
| 650 | 0 | |a Teoría de la información |9 260744 | |
| 651 | 0 | |a España |9 254926 | |
| 583 | |a last modification |c 19950512 00:00:00 |k Rodrigo Vera | ||
| 999 | |c 233331 |d 233329 | ||
| 952 | |0 0 |1 0 |4 0 |6 025_000000000000000_LOP_1978 |7 0 |8 P |9 238769 |a BIBEDU |b BIBEDU |c BIBEDU_PB |d 2019-11-18 |i 1500422 |o 025 LOP 1978 |p 1500422 |r 2024-01-25 |w 2019-11-18 |y BK |k EDU | ||